00518nam a2200169Ia 4500003000400000005001700004008004100021020001900062040002000081100001600101245004700117260000800164260000900172942001200181999001500193952014000208OSt20240217135354.0170524s9999 xx 000 0 und d a 9788120343849 cIIMT UNIVERSITY aRajaraman V 0aAnalysis and Design of Information System bPHI c2006 2ddcc02 c4747d4747 00102ddc4070a01b01d2017-05-29p01-B-40914r2017-05-29uINFORMATION SYSTEMw2017-05-29y06zEngineering Departmental Library books